| 000 | 00491nam a22001817a 4500 | ||
|---|---|---|---|
| 003 | MPLRDC | ||
| 005 | 20220104142807.0 | ||
| 008 | 210129b ||||| |||| 00| 0 eng d | ||
| 020 | _a957-8306-34-2 | ||
| 082 | _a855 ZHH | ||
| 100 | _a周恒宏 | ||
| 245 |
_a美国音乐之旅: 纽约黑夜唱不停. 蓝调芝加哥 _c |
||
| 250 | _a初版 | ||
| 260 |
_a _b新新闻文化事业股份有限公司 _c1999 |
||
| 300 | _b平 | ||
| 650 | _a散文;随笔、日记 | ||
| 942 |
_cBK _o855 ZHH |
||
| 999 |
_c33753 _d33743 |
||